00583nam a22001575i 4500001000700000003000900007005001700016008004100033040003000074100002600104245009600130260006200226300004000288650006000328852003700388166801ES-MaACL20230906213414.0031010s1886 cl f |||| | spa d aCCPB | B bspa cCCPB | B1 aUribe y Orrego, Luis.14aLos combates navales en la Guerra del Pacífico b: 1879-1881 / cpor Luis Uribe y Orrego. aValparaiso : b[s.n.], c1886 (fimprenta de "La Patria") a200 p., [8] h. de grab. ; c22 cm. 4aGuerra del Pacífico, 1879-1881-xOperaciones navales. aES-MaACLjG-6708 z-- Enc. pasta